000 00623nam a2200193Ia 4500
005 20250508164914.0
008 008 250505s9999 xx 000 0 hin d
037 _aDissertations
040 _aFEDL
_beng
_cFEDL
041 _ahin
_2eng
084 _a372, YOG/DI
_qFEDL
100 _aYogender Bechain
_9779485
245 0 _aDoytas Delhi me addhyanrat chattraaddhyapako ki prarambhik shiksha ke prati dharnaye, abhiviriti tatha pratibodhan: Ek addhyan
260 _c2000
300 _a80p.
546 _aM. Ed. Dissertation (Delhi University)
942 _cDIS
_h372, YOG/DI
999 _c1391921
_d1391921